000 00637nam a2200253Ia 4500
005 20250425160704.0
008 250425s9999 xx 000 0 und d
020 _a978860118
041 _aspa
043 _aec
082 _a928.866
100 _aTOBAR DONOSO, JULIO
245 0 _aPADRE JUAN DE VELASCO (PARTE II)
250 _a1A ED.
260 _aEcuador
_bCORPORACION DE ESTUDIOS Y PUBLICACIONES
_c1989
260 _aQUITO
300 _a846
650 _aHISTORIADORES ECUATORIANOS
650 _aHISTORIADORES ECUATORIANOS
650 _aQUITO-HISTORIA
650 _aQUITO-HISTORIA
942 _c01
010 _a2352
999 _c194144
_d194144